000 01082cam a22003377a 4500
003 CHAP
005 20220817041313.0
008 971013s1970 r 00010 d
010 _a10842
011 _a11814
035 _a11210
040 _cCHAP
082 0 4 _a331.8
_bM5
100 0 0 _aMariategui, José Carlos.
_971361
245 1 3 _aEl proletariado y su organización
260 _aMéxico :
_bGrijalbo,
_c1970
300 _a156 p.
490 0 _aColección 70
_v; 69
590 _aBATCH-UPD
_b10
_c20130110
_lUCH01
_h0020
590 _aBATCH-UPD
_b10
_c20130110
_lUCH01
_h2253
590 _aBATCH-UPD
_b10
_c20130409
_lUCH01
_h1959
590 _aBATCH-UPD
_b10
_c20130410
_lUCH01
_h1547
590 _aBATCH-UPD
_b10
_c20130914
_lUCH01
_h2019
590 _aCONVERSION
_b10
_c20130109
_lUCH01
_h1307
650 0 4 _aTrabajo y trabajadores
_xPerú.
830 0 _aColección 70
_v; 69
_924662
901 _aBK
942 _cLIBRO
949 _a331.8 M5
_bBC
_cLIBRO
_d-81545
_eLIBRO
_fc.2
_h307
_i11210
_si
949 _a331.8 M5
_bBC
_cLIBRO
_d33724000836607
_eLIBRO
_gDonaciØn
_h101580rep.
_i11210
_sb
999 _c10842
_d10842